000
00275nam a2200109Ia 4500
008
210430s9999 xx 000 0 und d
082
_a
300.1 B1121 p
100
_a
Earl Babbie
245
4
_a
The practice of social research
_c
Earl Babbie
300
_a
116p.
942
_c
BK
_2
ddc
999
_c
562175
_d
562175